| 000 | 00686nam a2200241 a 4500 | ||
|---|---|---|---|
| 001 | BRCA_7361 | ||
| 005 | 20190320205817.0 | ||
| 008 | 280213s1949----mx-b######---#000-0#spa-# | ||
| 041 | _aspa | ||
| 044 | _amx | ||
| 050 | 4 |
_aHD9734 _b.I53 1949 |
|
| 245 | 1 | 0 |
_aIndustrias mecánicas de México _cFord, Bacon & Davis. |
| 260 |
_aMéxico _bBanco de México _c1949 |
||
| 300 |
_a178 p. _bil., mapas |
||
| 440 | 0 |
_aMonografías industriales del Banco de México _918190 |
|
| 500 | _aQ47 | ||
| 650 | 1 | 4 |
_aIndustria mecánica _918191 |
| 651 | 4 |
_aMéxico _xIndustrias _918192 |
|
| 710 | 2 |
_aFord, Bacon & Davis _918193 |
|
| 710 | 2 |
_aBanco de México _918194 |
|
| 902 | _aGFM | ||
| 942 |
_2lcc _cB |
||
| 999 |
_c7037 _d7037 |
||